Romanian to English Country Names - Statistics

General Stats
  • This quiz has been taken 32 times
  • The average score is 19 of 21
Answer Stats
Romanian English % Correct
Cehia Czech Republic
100%
Ungaria Hungary
100%
Polonia Poland
100%
România Romania
100%
Regatul Unit United Kingdom
100%
Statele Unite United States
100%
Malaezia Malaysia
94%
Noua Zeelandă New Zealand
94%
Filipine Philippines
94%
Emiratele Arabe Unite United Arab Emirates
94%
Yemen Yemen
94%
Republica Centrafricană Central African Republic
91%
Islanda Iceland
91%
Letonia Latvia
88%
Tadjikistan Tajikistan
88%
Sfântul Cristofor și Nevis Saint Kitts and Nevis
84%
Coasta de Fildeș Ivory Coast
81%
Kârgâzstan Kyrgyzstan
81%
Olanda Netherlands
78%
Elveția Switzerland
78%
Birmania Myanmar
63%
No matching quizzes found
Score Distribution
Percent of People with Each Score
Percentile by Number Answered
Your Score History
You have not taken this quiz